Catálogo

El espíritu santo / (Registro nro. 63124)

Detalles MARC
000 -LEADER
fixed length control field 00902nam a2200301 a 4500
001 - CONTROL NUMBER
control field 63124
003 - CONTROL NUMBER IDENTIFIER
control field Mx-PuUPA
005 - DATE AND TIME OF LATEST TRANSACTION
control field 20200624083024.0
008 - FIXED-LENGTH DATA ELEMENTS--GENERAL INFORMATION
fixed length control field 150701s1998 sp 000 0 spa d
020 ## - INTERNATIONAL STANDARD BOOK NUMBER
International Standard Book Number 84-89651-42-6
040 ## - CATALOGING SOURCE
Transcribing agency Mx-PuUPA
082 0# - DEWEY DECIMAL CLASSIFICATION NUMBER
Classification number 231.3
Item number AMB
100 0# - MAIN ENTRY--PERSONAL NAME
Personal name Ambrose,
Titles and words associated with a name Saint, Bishop of Milan,
Dates associated with a name -397
9 (RLIN) 804
245 13 - TITLE STATEMENT
Title El espíritu santo /
Statement of responsibility, etc. Ambrosio de Milán.
264 #1 - PRODUCTION, PUBLICATION, DISTRIBUTION, MANUFACTURE, AND COPYRIGHT NOTICE
Place of production, publication, distribution, manufacture España :
Name of producer, publisher, distributor, manufacturer Editorial Ciudad Nueva ;
Date of production, publication, distribution, manufacture, or copyright notice 1998
300 ## - PHYSICAL DESCRIPTION
Extent 276 páginas ;
Dimensions 21 cm.
336 ## - CONTENT TYPE
Content type term texto
Source rdacontent
337 ## - MEDIA TYPE
Media type term sin meidaicíon
Source rdamedia
338 ## - CARRIER TYPE
Carrier type term volumen
Source rdacarrier
490 0# - SERIES STATEMENT
Series statement Biblioteca de patrística ;
Volume/sequential designation 41
650 #4 - SUBJECT ADDED ENTRY--TOPICAL TERM
Topical term or geographic name entry element Literatura cristiana
650 #4 - SUBJECT ADDED ENTRY--TOPICAL TERM
Topical term or geographic name entry element Jesucristo
General subdivision Divinidad
650 #4 - SUBJECT ADDED ENTRY--TOPICAL TERM
Topical term or geographic name entry element Espíritu Santo
650 #4 - SUBJECT ADDED ENTRY--TOPICAL TERM
Topical term or geographic name entry element Filosofía cristiana
650 #4 - SUBJECT ADDED ENTRY--TOPICAL TERM
Topical term or geographic name entry element Filosofía patrística
700 0# - ADDED ENTRY--PERSONAL NAME
Personal name Ambrose,
Titles and other words associated with a name Saint, Bishop of Milan,
Dates associated with a name -397
9 (RLIN) 804
942 ## - ADDED ENTRY ELEMENTS (KOHA)
Source of classification or shelving scheme Dewey Decimal Classification
Koha item type Libro
Existencias
Withdrawn status Lost status Source of classification or shelving scheme Damaged status Not for loan Collection code Home library Current library Shelving location Date acquired Source of acquisition Inventory number Total Checkouts Full call number Barcode Date last seen Date last checked out Price effective from Koha item type
    Dewey Decimal Classification     General Biblioteca Karol Wojtyla Biblioteca Karol Wojtyla Sala general 01/07/2015 Compra 151000000000000000058903 1 231.3 AMB 1998 94233 30/04/2026 16/04/2026 31/08/2015 Libro